Análisis de las exportaciones chilenas 2000
Guardat en:
| Autor corporatiu: | |
|---|---|
| Format: | Llibre |
| Idioma: | espanyol |
| Publicat: |
Santiago
ProChile
2000
|
| Matèries: | |
| Etiquetes: |
Afegir etiqueta
Sense etiquetes, Sigues el primer a etiquetar aquest registre!
|
MARC
| LEADER | 00000nam a2200000 a 4500 | ||
|---|---|---|---|
| 001 | UCM2454 | ||
| 003 | CL-VaPUC | ||
| 008 | 020510e20000000CL |||||||||||||||||spa|d | ||
| 082 | 0 | 4 | |a 382.6 |b PRO |2 21 |
| 110 | 2 | |a ProChile |e author |9 469210 | |
| 245 | 1 | 0 | |a Análisis de las exportaciones chilenas 2000 |
| 300 | |a 86 p | ||
| 942 | |c BK | ||
| 945 | |d 20020510 00:00:00 |a cmena | ||
| 260 | |a Santiago |b ProChile |c 2000 | ||
| 650 | 0 | |a Comercio exterior |9 257617 | |
| 650 | 7 | |a EXPORTACIONES |2 CL-VaPUC |9 255382 | |
| 650 | 7 | |a SECTORES PRODUCTIVOS |2 CL-VaPUC |9 454775 | |
| 650 | 0 | |a Análisis de mercados |9 414441 | |
| 650 | 0 | |a Balanza comercial |9 379503 | |
| 651 | 7 | |a CHILE |2 CL-VaPUC |9 469211 | |
| 583 | |a last modification |c 20020510 00:00:00 |k Rodrigo Vera | ||
| 999 | |c 300298 |d 300296 | ||
| 952 | |0 0 |1 0 |4 0 |6 382_600000000000000_PRO_2000 |7 0 |8 F |9 357901 |a BIBGIM |b BIBGIM |d 2019-11-21 |i 3672964 |o 382.6 PRO 2000 |p 3672964 |r 2025-01-15 |w 2019-11-21 |y BK_F |k GIM | ||